LEADER 01036nam a2200217 i 4500 001 000000155621 003 CaOOAMICUS 005 20061115000000.0 008 061115s2006 it u000 u ita u 013 $a132975 040 $aSeMil$bita 100 1 $aGiorgini, Fabiano,$c.$0(OLS)http://semarc/name/1385 245 13$aLa Congregazione della Passione di Gesł. Sguardo storico della sua spiritualitą, organizzazione, sviluppo /$cFabiano Giorgini. 260 $aRoma :$bCuria Generalizia Passionisti,$c2006. 300 $a271 p. :$btabelle, grafici ;$c24 cm. 500 $aContiene : Bibliografia essenziale. 850 $aSeMil 852 $aSeMil$W1$xVenegono$y1$m3G IV 213$j107452$B107452$CSeMilBibl$Z2$F120920 $81 961 $aOmaggio per recensione: Scuola Cattolica 996 $6245$aLa Congregazione della Passione di Gesł. Sguardo storico della sua spiritualitą, organizzazione, sviluppo$9(OLS)http://semarc/title/227953 996 $6260$aRoma :$bCuria Generalizia Passionisti$9(OLS)http://semarc/publisher/32705 LEADER 01057nam a2200265 i 4500 001 000000340655 003 CaOOAMICUS 005 20200618110045.0 008 200618s2014 it a u001 u ita u 013 $a88965 020 $a978-88-7016-992-8 040 $aSeMil$bita 100 1 $aPlatone, Giuseppe.$0(OLS)http://semarc/name/69607 245 10$aValdesi e riforma nel passaggio di Chanforan (1532) /$cGiuseppe Platone. 264 1$aTorino :$bClaudiana,$c2014. 300 $a76 p. :$bill. ;$c24 cm 500 $aMonografie edite in occasione del 17 febbraio 504 $aContiene : Nota bibliografica 650 4$aValdesi - Storia.$0(OLS)http://semarc/subject/3293 850 $aSeMil 852 $aSeMil$W1$xVenegono$y1$m5B IX 8/9$j220893$B232654$CSeMilBibl$Z2$F232654 $81 996 $6020$a978-88-7016-992-8$9(OLS)http://semarc/number/290567 996 $6245$aValdesi e riforma nel passaggio di Chanforan (1532)$9(OLS)http://semarc/title/429714 996 $6264$aTorino :$bClaudiana$9(OLS)http://semarc/publisher/29837